[Event "Frankfurt Ch 2006"]
[Site "Ffm-Kalbach, LAZ"]
[Date "2006.05.08"]
[Round "3.1"]
[White "Seidel, Andre"]
[Black "Telljohann, Sven"]
[Result "0-1"]
[WhiteElo "2094"]
[BlackElo "2377"]
[PlyCount "72"]
[EventDate "2006.??.??"]

1. d4 g6 2. Nf3 Bg7 3. c3 d6 4. e4 Nf6 5. Qc2 O-O 6. Bg5 h6 7. Bh4 Nc6 8. Nbd2
e5 9. dxe5 Nxe5 10. Nxe5 dxe5 11. Be2 Qe8 12. O-O Nd7 13. Rad1 Bf6 14. Bxf6
Nxf6 15. Nc4 Bd7 16. Rd2 Ba4 17. b3 Bc6 18. f3 Qe7 19. Rfd1 a5 20. a4 Qc5+ 21.
Kh1 Kg7 22. Qd3 b6 23. Qe3 Qe7 24. Bf1 Nd7 25. Bd3 Rfe8 26. Bc2 Nc5 27. Nb2 Qe6
28. c4 Qe7 29. Nd3 Na6 30. Nc1 Qa3 31. Bb1 Nc5 32. Ra2 Qb4 33. Qd2 Rad8 34. Bd3
Nxd3 35. Nxd3 Qxb3 36. Rb2 Qxc4 0-1

[Event "Frankfurt Ch 2006"]
[Site "Ffm-Kalbach, LAZ"]
[Date "2006.05.08"]
[Round "3.2"]
[White "Reschke, Stefan"]
[Black "Minor, Samuel"]
[Result "1-0"]
[WhiteElo "2356"]
[BlackElo "2092"]
[PlyCount "42"]
[EventDate "2006.??.??"]

1. g3 f5 2. Nf3 Nf6 3. c4 g6 4. b4 Bg7 5. Bb2 d6 6. d4 O-O 7. Bg2 Qe8 8. Qb3
Nbd7 9. d5 a5 10. a3 Nb6 11. Nc3 axb4 12. axb4 Rxa1+ 13. Bxa1 e5 14. c5 Nbd7
15. Nb5 dxc5 16. Nxc7 c4 17. Qxc4 Nb6 18. Qb3 Qf7 19. Nxe5 Qxc7 20. d6+ Qf7 21.
Nxf7 Rxf7 1-0

[Event "Frankfurt Ch 2006"]
[Site "Ffm-Kalbach, LAZ"]
[Date "2006.05.08"]
[Round "3.3"]
[White "Schwenkreis, Thomas"]
[Black "Klundt, Klaus"]
[Result "0-1"]
[WhiteElo "2090"]
[BlackElo "2323"]
[PlyCount "100"]
[EventDate "2006.??.??"]

1. Nf3 Nf6 2. b3 g6 3. Bb2 Bg7 4. e3 d6 5. Be2 O-O 6. d3 c5 7. Nbd2 Nc6 8. O-O
b6 9. c4 Bb7 10. d4 e6 11. Qc1 Rc8 12. Rd1 Qe7 13. a3 a5 14. Bc3 d5 15. Qb2 Ne4
16. Nxe4 dxe4 17. Ne1 cxd4 18. exd4 e5 19. d5 Nd4 20. Bf1 Qc7 21. Nc2 Nb5 22.
Bd2 f5 23. a4 Nd6 24. Bc3 Rfe8 25. Na3 Ba6 26. Rac1 Bh6 27. Bd2 Bxd2 28. Qxd2
Qc5 29. Nb5 Red8 30. Qb2 e3 31. Nxd6 exf2+ 32. Qxf2 Rxd6 33. Re1 e4 34. g4 Re8
35. Bg2 Bc8 36. Qxc5 bxc5 37. gxf5 gxf5 38. Rc3 Rg6 39. Kf2 Kg7 40. Bh3 Kf6 41.
Bg2 Ke5 42. Rh3 Re7 43. Rh5 Kf4 44. Bh3 Rb7 45. Rb1 Rgb6 46. Ke2 Rxb3 47. Rxb3
Rxb3 48. Rh4+ Ke5 49. Rxh7 Ba6 50. Re7+ Kf4 0-1

[Event "Frankfurt Ch 2006"]
[Site "Ffm-Kalbach, LAZ"]
[Date "2006.05.08"]
[Round "3.4"]
[White "Legde, Georg"]
[Black "Kayser, Felix"]
[Result "1/2-1/2"]
[WhiteElo "2311"]
[BlackElo "2083"]
[PlyCount "62"]
[EventDate "2006.??.??"]

1. Nf3 d5 2. c4 e6 3. g3 Nf6 4. b3 Bd6 5. Bb2 b6 6. Bg2 Bb7 7. O-O Nbd7 8. Nc3
c6 9. d4 O-O 10. Qc2 Rc8 11. e4 dxe4 12. Ng5 Be7 13. Rad1 Qc7 14. Rfe1 Rfd8 15.
Ngxe4 Nxe4 16. Nxe4 Nf6 17. Ng5 h6 18. Nf3 c5 19. dxc5 Qxc5 20. Ne5 Bxg2 21.
Kxg2 Qc7 22. Qe2 Bb4 23. Rxd8+ Rxd8 24. Rd1 Rxd1 25. Qxd1 Bd6 26. Qd4 Bc5 27.
Qd3 Bd6 28. f4 Bxe5 29. Bxe5 Qc6+ 30. Qf3 Ne4 31. Bd4 f5 1/2-1/2

[Event "Frankfurt Ch 2006"]
[Site "Ffm-Kalbach, LAZ"]
[Date "2006.05.08"]
[Round "3.5"]
[White "Wanie, Karsten"]
[Black "Loos, Roland"]
[Result "1/2-1/2"]
[WhiteElo "2055"]
[BlackElo "2307"]
[PlyCount "79"]
[EventDate "2006.??.??"]

1. d4 e6 2. c4 f5 3. g3 Nf6 4. Bg2 c6 5. Qc2 d5 6. Nh3 Bd6 7. O-O O-O 8. Bf4
Be7 9. Nd2 Nh5 10. Nf3 Nxf4 11. Nxf4 Qe8 12. Nd3 Nd7 13. c5 g5 14. b4 g4 15.
Nfe5 Bg5 16. Rae1 h5 17. f4 Be7 18. Nxd7 Bxd7 19. Ra1 a5 20. a3 Qb8 21. Rfb1
Qc7 22. e3 Rfb8 23. Bf1 axb4 24. axb4 b5 25. Qc3 Qb7 26. Rxa8 Rxa8 27. Ra1 Ra6
28. Rxa6 Qxa6 29. Qb2 Qa4 30. Be2 Kg7 31. Kf2 Be8 32. Ke1 h4 33. Bd1 Qa7 34.
Nc1 Bd8 35. Qa2 Qb7 36. Nd3 Kf8 37. Kf1 Qh7 38. Qg2 Qa7 39. Qb2 Bf6 40. Kg1
1/2-1/2

[Event "Frankfurt Ch 2006"]
[Site "Ffm-Kalbach, LAZ"]
[Date "2006.05.08"]
[Round "3.6"]
[White "Lisanti, Andre"]
[Black "Svitek, Volker"]
[Result "1-0"]
[WhiteElo "2281"]
[BlackElo "2045"]
[PlyCount "119"]
[EventDate "2006.??.??"]

1. e4 c5 2. Nf3 Nc6 3. d4 cxd4 4. Nxd4 Nf6 5. Nc3 e5 6. Ndb5 d6 7. Bg5 a6 8.
Na3 Be6 9. Bxf6 gxf6 10. Qh5 b5 11. Nd5 Bxd5 12. exd5 Ne7 13. O-O-O Qd7 14. Kb1
Qf5 15. Qh4 e4 16. Qg3 Nxd5 17. Bxb5+ axb5 18. Nxb5 Rc8 19. Rhe1 Be7 20. Nxd6+
Bxd6 21. Qxd6 e3 22. Rd3 Qxf2 23. Rc1 Ne7 24. Qd7+ Kf8 25. Qh3 Kg7 26. Rxe3 Ng6
27. Rf3 Qd4 28. Qf5 Rc5 29. Qd3 Rd8 30. Qf1 Rdc8 31. c3 Qe4+ 32. Ka1 Qe6 33.
Re1 Qb6 34. Qf2 R8c6 35. b4 Re5 36. Rxe5 fxe5 37. Rxf7+ Kh6 38. Qd2+ Nf4 39. g3
Qg1+ 40. Kb2 Qg2 41. Qxg2 Nxg2 42. b5 Re6 43. a4 e4 44. Rf2 Ne1 45. Re2 Nd3+
46. Kc2 Nc5 47. a5 Kg5 48. a6 Re7 49. c4 Kf5 50. Kc3 Ke5 51. Ra2 Ra7 52. Kb4
Kd4 53. Ka5 e3 54. Kb6 Ra8 55. a7 h5 56. h3 Kxc4 57. Rc2+ Kd3 58. Rxc5 e2 59.
Re5 Rg8 60. g4 1-0

[Event "Frankfurt Ch 2006"]
[Site "Ffm-Kalbach, LAZ"]
[Date "2006.05.08"]
[Round "3.8"]
[White "Solonar, Stefan"]
[Black "Kreiling, Carsten"]
[Result "1-0"]
[WhiteElo "2264"]
[BlackElo "2018"]
[PlyCount "98"]
[EventDate "2006.??.??"]

1. Nf3 Nf6 2. c4 e6 3. g3 b6 4. Bg2 Bb7 5. O-O c5 6. Nc3 Be7 7. Re1 d5 8. cxd5
Nxd5 9. e4 Nxc3 10. bxc3 O-O 11. d4 cxd4 12. cxd4 Nc6 13. Bb2 Rc8 14. Rb1 Bf6
15. d5 exd5 16. exd5 Na5 17. Ne5 Nc4 18. Nxc4 Rxc4 19. Qd3 Rb4 20. Bxf6 Rxb1
21. Rxb1 Qxf6 22. d6 Bxg2 23. Kxg2 Rd8 24. Rc1 h5 25. d7 Kf8 26. Qa3+ Qe7 27.
Qxa7 Qxd7 28. Qxb6 Qd5+ 29. Kg1 Ra8 30. Qb4+ Kg8 31. Qb3 Qd2 32. Qc2 Qd5 33.
Rd1 Qe6 34. h4 g6 35. a4 Rc8 36. Qb2 Qg4 37. Ra1 Qe4 38. a5 Rc2 39. Qb6 Rc6 40.
Qb8+ Kg7 41. Qb2+ Kh7 42. a6 Qf3 43. a7 Rc8 44. Qb8 Rc2 45. Qf4 Qa8 46. Qxf7+
Kh8 47. Re1 Rc8 48. Qf4 Kh7 49. Re7+ Kh8 1-0

[Event "Frankfurt Ch 2006"]
[Site "Ffm-Kalbach, LAZ"]
[Date "2006.05.08"]
[Round "3.9"]
[White "Schlamp, Robert"]
[Black "Graebner, Walter"]
[Result "0-1"]
[WhiteElo "2228"]
[BlackElo "1997"]
[PlyCount "136"]
[EventDate "2006.??.??"]

1. e4 c6 2. d4 d5 3. exd5 cxd5 4. c4 Nf6 5. Nc3 Nc6 6. cxd5 Nxd5 7. Bc4 e6 8.
Nf3 Be7 9. O-O Nxc3 10. bxc3 O-O 11. Re1 Qc7 12. Qd3 Na5 13. Bb3 Nxb3 14. axb3
b6 15. Bg5 Bb7 16. Bxe7 Qxe7 17. Ne5 Qg5 18. Qg3 Qxg3 19. hxg3 Rfd8 20. Ra3 a6
21. Nc4 Rac8 22. Re3 Rc6 23. Ra1 a5 24. Na3 f6 25. Nc2 Kf7 26. Rae1 b5 27. d5
Rxd5 28. Nd4 Rcd6 29. Nxe6 Rd1 30. Nc5 Rxe1+ 31. Rxe1 Bc8 32. Ra1 Rc6 33. b4 a4
34. Kf1 Be6 35. Ke2 Rd6 36. Nxe6 Kxe6 37. Ke3 f5 38. Rh1 h6 39. Rc1 Rc6 40. Kd3
Kd5 41. Kc2 Re6 42. Kd3 Rc6 43. f3 Ra6 44. c4+ bxc4+ 45. Kc3 Rg6 46. Rd1+ Kc6
47. Kxc4 Rxg3 48. b5+ Kb6 49. Rd6+ Kb7 50. Rd2 Kb6 51. Rd6+ Kb7 52. Kc5 Rxg2
53. Rd7+ Kc8 54. Ra7 Rg3 55. Kb6 Rxf3 56. Rxg7 a3 57. Rg8+ Kd7 58. Ra8 Rb3 59.
Ra4 Kd6 60. Ka6 Kc5 61. Ra5 f4 62. Ra4 f3 63. Rf4 a2 64. Ra4 f2 65. Rxa2 f1=Q
66. Rc2+ Kb4 67. Ka7 Qxb5 68. Ka8 Ra3# 0-1

[Event "Frankfurt Ch 2006"]
[Site "Ffm-Kalbach, LAZ"]
[Date "2006.05.08"]
[Round "3.10"]
[White "Gramlich, Sebastian"]
[Black "Kästle, Rainer"]
[Result "1-0"]
[WhiteElo "2184"]
[BlackElo "1987"]
[PlyCount "39"]
[EventDate "2006.??.??"]

1. d4 Nf6 2. Bg5 g6 3. Bxf6 exf6 4. e3 Bg7 5. Ne2 O-O 6. Nf4 b6 7. h4 Bh6 8.
Qf3 Nc6 9. h5 Bxf4 10. Qxf4 d5 11. Qh6 Qe7 12. Nc3 Rd8 13. O-O-O Bf5 14. Be2 a6
15. g4 Be6 16. a3 b5 17. Bd3 Rd7 18. hxg6 fxg6 19. Bxg6 Qg7 20. Bxh7+ 1-0

[Event "Frankfurt Ch 2006"]
[Site "Ffm-Kalbach, LAZ"]
[Date "2006.05.08"]
[Round "3.11"]
[White "Czech, Ludwig"]
[Black "Uwira, Oliver"]
[Result "1/2-1/2"]
[WhiteElo "2004"]
[BlackElo "2169"]
[PlyCount "120"]
[EventDate "2006.??.??"]

1. c4 e6 2. Nf3 d5 3. d4 Nf6 4. Bg5 Be7 5. Nc3 O-O 6. e3 h6 7. Bh4 b6 8. cxd5
Nxd5 9. Bxe7 Qxe7 10. Nxd5 exd5 11. Bd3 c5 12. O-O Be6 13. b3 Nd7 14. Rc1 Rfd8
15. dxc5 bxc5 16. Qc2 Bg4 17. Be2 Rac8 18. h3 Bh5 19. Rfd1 Nf6 20. Ne1 Bxe2 21.
Qxe2 d4 22. Qf3 dxe3 23. Qxe3 Qxe3 24. fxe3 Ne4 25. Nd3 Rc7 26. Ne5 Rxd1+ 27.
Rxd1 Nc3 28. Rd8+ Kh7 29. Rd7 Rxd7 30. Nxd7 Nxa2 31. Nxc5 Kg6 32. Kf2 Kf5 33.
e4+ Ke5 34. Ke3 Nb4 35. g3 h5 36. Na4 Nc2+ 37. Kd3 Nd4 38. b4 Ne6 39. Nb2 Kd6
40. Nd1 Kc6 41. Nc3 h4 42. gxh4 Nf4+ 43. Ke3 Ng2+ 44. Kd4 Nxh4 45. b5+ Kb6 46.
Kc4 Nf3 47. Nd5+ Ka5 48. Ne7 Ng5 49. e5 Kb6 50. Nc8+ Kc7 51. Nd6 Nxh3 52. Nxf7
Kd7 53. Kd5 Nf4+ 54. Ke4 Ne6 55. Nd6 g6 56. Nf7 Kc7 57. Kd5 Ng7 58. Ng5 Kb6 59.
Kc4 Ne8 60. Ne6 Nc7 1/2-1/2

[Event "Frankfurt Ch 2006"]
[Site "Ffm-Kalbach, LAZ"]
[Date "2006.05.08"]
[Round "3.12"]
[White "Sadeghi, Behrang"]
[Black "Bagatsch, Thomas"]
[Result "0-1"]
[WhiteElo "2168"]
[BlackElo "1979"]
[PlyCount "102"]
[EventDate "2006.??.??"]

1. e4 e5 2. Nf3 Nc6 3. Bb5 a6 4. Ba4 d6 5. O-O Bg4 6. h3 h5 7. Bxc6+ bxc6 8. d4
Bxf3 9. Qxf3 exd4 10. Rd1 Qf6 11. Qb3 c5 12. Qa4+ Kd8 13. c3 dxc3 14. Nxc3 Ne7
15. Be3 Kc8 16. f4 Qe6 17. Kh1 f6 18. Rd2 g6 19. Rad1 Bh6 20. Re2 Kb7 21. Qc2
Rab8 22. Qc1 g5 23. f5 Qf7 24. Na4 Nc6 25. b3 Rhe8 26. Bxc5 dxc5 27. Nxc5+ Ka7
28. Nd7 Rb6 29. Nxb6 Kxb6 30. Rc2 Ne5 31. Qe3+ Kb7 32. Qd4 Bf8 33. Rdc1 Bd6 34.
b4 Qe7 35. a3 Nd7 36. Qd5+ Kb8 37. Qc6 Qe5 38. Kg1 Qh2+ 39. Kf1 Bg3 40. Qxd7
Qh1+ 41. Ke2 Qxg2+ 42. Kd1 Qxe4 43. Rd2 Bf4 44. Qd3 Qxd3 45. Rxd3 Bxc1 46. Kxc1
Re5 47. Rf3 Re2 48. Kd1 Rh2 49. Ke1 Kc8 50. Kf1 Kd7 51. Re3 c6 0-1

[Event "Frankfurt Ch 2006"]
[Site "Ffm-Kalbach, LAZ"]
[Date "2006.05.08"]
[Round "3.13"]
[White "Von Auer, Ulrich"]
[Black "Isserman, Ryhor"]
[Result "0-1"]
[WhiteElo "1990"]
[BlackElo "2254"]
[PlyCount "52"]
[EventDate "2006.??.??"]

1. e4 d6 2. d4 Nf6 3. Nc3 g6 4. Be3 c6 5. f3 Qb6 6. Qd2 Qxb2 7. Rb1 Qa3 8. h4
h5 9. Nh3 Bxh3 10. Rxh3 b5 11. e5 b4 12. Nb5 cxb5 13. exf6 a6 14. Bg5 Qxa2 15.
Rb3 Nc6 16. f4 Qa1+ 17. Kf2 Qxd4+ 18. Qxd4 Nxd4 19. Rxb4 Nxc2 20. Re4 e6 21.
Rc3 d5 22. Re2 Nd4 23. Ra2 Bb4 24. Rc7 O-O 25. g4 hxg4 26. Kg3 Nf5+ 0-1

[Event "Frankfurt Ch 2006"]
[Site "Ffm-Kalbach, LAZ"]
[Date "2006.05.08"]
[Round "3.14"]
[White "Wahedi, Ahmad Siar"]
[Black "Escher, Helmut"]
[Result "1-0"]
[WhiteElo "2206"]
[BlackElo "1981"]
[PlyCount "45"]
[EventDate "2006.??.??"]

1. e4 d5 2. exd5 Qxd5 3. Nc3 Qa5 4. Bc4 Nf6 5. d4 c6 6. Bd2 Qc7 7. Qe2 Bf5 8.
O-O-O Nbd7 9. Nf3 e6 10. Ne5 Nxe5 11. dxe5 Nd7 12. g4 Bg6 13. f4 O-O-O 14. Rhf1
Nb6 15. Bb3 h6 16. f5 exf5 17. gxf5 Bh7 18. e6 f6 19. Bf4 Bd6 20. Rxd6 Rxd6 21.
Ne4 Rhd8 22. Nxd6+ Rxd6 23. Bxd6 1-0

[Event "Frankfurt Ch 2006"]
[Site "Ffm-Kalbach, LAZ"]
[Date "2006.05.08"]
[Round "3.15"]
[White "Calvi, Stefan"]
[Black "Brüggemann, Ludger"]
[Result "0-1"]
[WhiteElo "1943"]
[BlackElo "2158"]
[PlyCount "106"]
[EventDate "2006.??.??"]

1. e4 g6 2. d4 Bg7 3. Nc3 d6 4. f4 Nd7 5. Nf3 c5 6. Be3 cxd4 7. Nxd4 Ngf6 8.
Be2 O-O 9. Qd2 a6 10. f5 Ne5 11. h3 b5 12. a3 Bb7 13. fxg6 hxg6 14. Bf3 Nc4 15.
Qc1 Nxe3 16. Qxe3 Nd7 17. Nde2 Ne5 18. h4 Nc4 19. Qg5 e6 20. Qxd8 Rfxd8 21.
O-O-O a5 22. Nxb5 Bxb2+ 23. Kb1 Be5 24. Ned4 Rab8 25. Ka2 Rdc8 26. a4 Nb6 27.
Kb3 Rc4 28. c3 Rxa4 29. Ra1 Rxa1 30. Rxa1 a4+ 31. Kb4 Rc8 32. Rd1 Nc4 33. Ra1
Nd2 34. Rxa4 Rc4+ 35. Ka5 Rxa4+ 36. Kxa4 Bxe4 37. Bxe4 Nxe4 38. Kb4 Kh7 39. Nf3
Bg3 40. Kc4 f6 41. Kd4 Nc5 42. Ke3 d5 43. Nbd4 Kh6 44. Ne2 Bc7 45. g4 e5 46.
Ne1 f5 47. gxf5 gxf5 48. Nc2 Nd7 49. Nb4 Nf6 50. Kf3 f4 51. Kg2 Bd6 52. Nd3 Kg6
53. Kh3 Kf5 0-1

[Event "Frankfurt Ch 2006"]
[Site "Ffm-Kalbach, LAZ"]
[Date "2006.05.08"]
[Round "3.16"]
[White "Garbe, Ralf"]
[Black "Göbel, Andreas"]
[Result "1-0"]
[WhiteElo "2157"]
[BlackElo "1923"]
[PlyCount "71"]
[EventDate "2006.??.??"]

1. Nf3 Nf6 2. c4 e6 3. g3 Be7 4. Bg2 O-O 5. b3 d5 6. Bb2 c5 7. O-O Nc6 8. cxd5
exd5 9. d4 Bf5 10. Nc3 Be4 11. dxc5 Bxc5 12. e3 Re8 13. Nxe4 dxe4 14. Ng5 h6
15. Bxf6 Qxd1 16. Rfxd1 hxg5 17. Bxg5 f6 18. Bf4 Re7 19. g4 Rae8 20. Rac1 Ba3
21. Rc4 Ne5 22. Bxe5 Rxe5 23. Rd7 b5 24. Rcc7 Bf8 25. Rxa7 b4 26. Rac7 Kh7 27.
Rc4 Bc5 28. h3 Kh6 29. Bxe4 Bxe3 30. fxe3 Rxe4 31. Rxe4 Rxe4 32. Kf2 g6 33. Rd4
f5 34. gxf5 gxf5 35. Rxe4 fxe4 36. Kg3 1-0

[Event "Frankfurt Ch 2006"]
[Site "Ffm-Kalbach, LAZ"]
[Date "2006.05.08"]
[Round "3.18"]
[White "Stich, Christopher"]
[Black "Branda, Ralf"]
[Result "1-0"]
[WhiteElo "1921"]
[BlackElo "2116"]
[PlyCount "67"]
[EventDate "2006.??.??"]

1. e4 e5 2. Nf3 Nc6 3. Bb5 a6 4. Ba4 Nf6 5. O-O b5 6. Bb3 Be7 7. Re1 O-O 8. c3
d6 9. h3 Bb7 10. d4 Re8 11. Nbd2 Bf8 12. Bc2 Qd7 13. a3 Rad8 14. Nf1 h6 15. Ng3
g6 16. dxe5 dxe5 17. Be3 Qe6 18. Qc1 Kh7 19. b3 Rd7 20. Qb2 Red8 21. Red1 Rxd1+
22. Rxd1 Rxd1+ 23. Bxd1 Qd6 24. Qc1 Nd7 25. b4 Ne7 26. Bb3 f5 27. exf5 gxf5 28.
Ba7 Bxf3 29. gxf3 Qd3 30. Bc2 Qxf3 31. Qd2 Nf6 32. Qd8 Kg7 33. Bc5 Qd5 34. Bxe7
1-0

[Event "Frankfurt Ch 2006"]
[Site "Ffm-Kalbach, LAZ"]
[Date "2006.05.08"]
[Round "3.19"]
[White "Bonsen, Andreas"]
[Black "Benninger, Rudolf"]
[Result "0-1"]
[WhiteElo "1885"]
[BlackElo "2019"]
[PlyCount "68"]
[EventDate "2006.??.??"]

1. d4 c5 2. dxc5 Na6 3. Qd5 Nf6 4. Qc4 Qa5+ 5. c3 Qxc5 6. Qxc5 Nxc5 7. Be3 d6
8. f3 g6 9. Na3 Bg7 10. Bf2 O-O 11. O-O-O Be6 12. Kb1 Rfc8 13. e4 Nfd7 14. Ne2
Nb6 15. Nd4 Bd7 16. h4 h5 17. Be2 a6 18. Be3 Nba4 19. Bd2 b5 20. Rhg1 b4 21.
Nc4 bxc3 22. bxc3 Rab8+ 23. Ka1 Ne6 24. e5 Nxd4 25. cxd4 Bb5 26. Rc1 dxe5 27.
Rge1 exd4 28. Bd3 Bxc4 29. Rxc4 Rxc4 30. Bf4 e5 31. Bxc4 exf4 32. Bb3 d3+ 33.
Kb1 d2 34. Rf1 Nc3+ 0-1

[Event "Frankfurt Ch 2006"]
[Site "Ffm-Kalbach, LAZ"]
[Date "2006.05.08"]
[Round "3.20"]
[White "Kiesewetter, Ralf"]
[Black "Hupprich, Thorsten"]
[Result "0-1"]
[WhiteElo "1877"]
[BlackElo "2003"]
[PlyCount "67"]
[EventDate "2006.??.??"]

1. d4 Nf6 2. Nf3 g6 3. c4 Bg7 4. Nc3 O-O 5. Bg5 h6 6. Bh4 d6 7. e4 c5 8. dxc5
dxc5 9. Qxd8 Rxd8 10. e5 Ng4 11. Nd5 Nc6 12. Nxe7+ Nxe7 13. Bxe7 Re8 14. Bxc5
Nxe5 15. Nxe5 Bxe5 16. O-O-O Bf5 17. Be3 Rac8 18. b3 b5 19. c5 a6 20. Bd3 Be6
21. Be4 a5 22. Bd5 Bf5 23. h3 h5 24. Rhe1 Bc3 25. Bb7 Rc7 26. Bf4 Rxe1 27. Bxc7
Re2 28. Rd8+ Kg7 29. Bg3 Rxa2 30. Kd1 Bc2+ 31. Kc1 Bxb3 32. Be4 Re2 33. Bf3
Rc2+ 34. Kb1 0-1

[Event "Frankfurt Ch 2006"]
[Site "Ffm-Kalbach, LAZ"]
[Date "2006.05.08"]
[Round "3.21"]
[White "Rondio, Thomas"]
[Black "Völker, Sebastian"]
[Result "1/2-1/2"]
[WhiteElo "1646"]
[BlackElo "1992"]
[PlyCount "120"]
[EventDate "2006.??.??"]

1. e4 c6 2. d4 d5 3. Nc3 dxe4 4. Nxe4 Nf6 5. Nxf6+ exf6 6. Nf3 Bd6 7. Be3 O-O
8. Be2 Re8 9. O-O Bf5 10. Nh4 Be6 11. Qd2 Qc7 12. g3 Nd7 13. c4 Rad8 14. Nf3
Nf8 15. Rfc1 c5 16. d5 Bg4 17. Kg2 Ng6 18. h3 Bf5 19. Bd3 Be4 20. Bxe4 Rxe4 21.
Qd3 Rde8 22. Re1 f5 23. Ng5 Ne5 24. Qc2 Rxc4 25. Qxf5 g6 26. Qb1 f6 27. b3 Rb4
28. Bd2 fxg5 29. Bxb4 cxb4 30. f4 gxf4 31. gxf4 Rf8 32. fxe5 Bxe5 33. Qc1 Qd6
34. Qd2 Bxa1 35. Rxa1 Qf6 36. Rd1 Qf3+ 37. Kh2 Re8 38. Re1 Rxe1 39. Qxe1 Qxd5
40. Qxb4 a5 41. Qe7 g5 42. Qe8+ Kg7 43. Qe7+ Kg6 44. Qe8+ Kf5 45. Qf8+ Ke4 46.
Qf2 Kd3 47. h4 gxh4 48. Qxh4 h5 49. Qf2 Qe4 50. Qf7 h4 51. Qd7+ Ke3 52. Qd8 Kf3
53. Qg8 Qe2+ 54. Kh1 Qf1+ 55. Kh2 Qf2+ 56. Kh1 h3 57. Qd5+ Kg3 58. Qg5+ Kf3 59.
Qf5+ Ke2 60. Qc2+ Kf1 1/2-1/2

[Event "Frankfurt Ch 2006"]
[Site "Ffm-Kalbach, LAZ"]
[Date "2006.05.08"]
[Round "3.23"]
[White "Noble, Alexander"]
[Black "Matthis, Peter"]
[Result "0-1"]
[WhiteElo "2008"]
[BlackElo "1786"]
[PlyCount "130"]
[EventDate "2006.??.??"]

1. e4 c6 2. d4 d5 3. Nc3 dxe4 4. Nxe4 Bf5 5. Ng3 Bg6 6. Nf3 Nd7 7. Bc4 e6 8.
Qe2 Ngf6 9. h4 h6 10. h5 Bh7 11. Bb3 Bd6 12. c3 Qc7 13. Rh3 O-O-O 14. Be3 Nd5
15. Nd2 Nxe3 16. Qxe3 Nf6 17. Nde4 Bf4 18. Qf3 Nd5 19. Rh4 f5 20. Bxd5 exd5 21.
Qxf4 fxe4 22. Qxc7+ Kxc7 23. Rf4 Rhf8 24. Rxf8 Rxf8 25. Ke2 Rf4 26. Rh1 Kd6 27.
Ke3 Rg4 28. Rh2 b6 29. Ne2 Bf5 30. Nf4 a5 31. Rh1 Rg5 32. Rh4 c5 33. a3 Bg4 34.
b4 cxb4 35. cxb4 axb4 36. axb4 Bd1 37. Kd2 Bg4 38. Rh1 Rf5 39. Ke3 Rg5 40. Rh2
Bd7 41. Ng6 Be8 42. Nf4 Bd7 43. Ne2 Bg4 44. Ng3 Bd1 45. Rh1 Bg4 46. f3 Bxf3 47.
gxf3 Rxg3 48. Rf1 Ke6 49. Rc1 Rxf3+ 50. Ke2 Rd3 51. Rc6+ Kf5 52. Rxb6 Rxd4 53.
b5 Rb4 54. Rb7 Kg5 55. b6 Kxh5 56. Rxg7 Rxb6 57. Ke3 Rg6 58. Rd7 Rg3+ 59. Kf4
Rd3 60. Rg7 e3 61. Kf3 d4 62. Rg2 Rd1 63. Rg8 Rd2 64. Rg7 e2 65. Kf2 d3 0-1

[Event "Frankfurt Ch 2006"]
[Site "Ffm-Kalbach, LAZ"]
[Date "2006.05.08"]
[Round "3.24"]
[White "Behnick, Eckhard"]
[Black "Fischer, Manfred"]
[Result "1-0"]
[WhiteElo "1962"]
[BlackElo "1779"]
[PlyCount "47"]
[EventDate "2006.??.??"]

1. e4 c5 2. Nf3 e6 3. d4 cxd4 4. Nxd4 a6 5. c4 Qc7 6. Bd3 Nf6 7. O-O Bc5 8. Nc2
Nc6 9. Nc3 O-O 10. a3 Nd4 11. Ne3 b6 12. b4 Be7 13. Bb2 Bb7 14. Rc1 Nc6 15. f4
d6 16. g4 Qd8 17. g5 Nd7 18. h4 f6 19. Qg4 Nd4 20. Nc2 f5 21. exf5 Nxf5 22.
Rce1 Qe8 23. Rxe6 Qf7 24. Bxf5 1-0

[Event "Frankfurt Ch 2006"]
[Site "Ffm-Kalbach, LAZ"]
[Date "2006.05.08"]
[Round "3.25"]
[White "Gutacker, Stephan"]
[Black "Cors, Heinz-Friedrich"]
[Result "1-0"]
[WhiteElo "1789"]
[BlackElo "1955"]
[PlyCount "49"]
[EventDate "2006.??.??"]

1. e4 e5 2. Nf3 Nc6 3. d4 exd4 4. Nxd4 Nf6 5. Nc3 Bb4 6. Nxc6 bxc6 7. Bd3 d6 8.
O-O Bg4 9. f3 Be6 10. Be3 O-O 11. Ne2 d5 12. e5 Nd7 13. c3 Ba5 14. f4 Bb6 15.
Bxb6 Nxb6 16. f5 Bd7 17. Ng3 Qg5 18. Qe2 Rfe8 19. Rf3 c5 20. Raf1 c4 21. Bc2 c5
22. Rf4 Qe7 23. Re1 Rad8 24. f6 Qf8 25. Bxh7+ 1-0

[Event "Frankfurt Ch 2006"]
[Site "Ffm-Kalbach, LAZ"]
[Date "2006.05.08"]
[Round "3.26"]
[White "Hoti, Safet"]
[Black "Rotermund, Verena"]
[Result "1-0"]
[WhiteElo "1942"]
[BlackElo "1757"]
[PlyCount "95"]
[EventDate "2006.??.??"]

1. d4 Nf6 2. c4 d6 3. Nc3 g6 4. e4 Bg7 5. Bd3 O-O 6. Nge2 e5 7. d5 Nbd7 8. f3
Nc5 9. Bc2 a5 10. Be3 Ne8 11. a3 f5 12. O-O f4 13. Bf2 g5 14. b4 axb4 15. axb4
Rxa1 16. Qxa1 Na6 17. Qa3 g4 18. fxg4 Bxg4 19. b5 Nc5 20. Bxc5 dxc5 21. Qxc5
Qg5 22. Bd1 b6 23. h4 Qxh4 24. Qf2 Qg5 25. Re1 Rf6 26. Nc1 Bf8 27. Nd3 f3 28.
Nb1 Bh5 29. Nd2 fxg2 30. Qxg2 Qxg2+ 31. Kxg2 Bxd1 32. Rxd1 Nd6 33. Nxe5 Rf4 34.
Nd7 Bh6 35. e5 Nf5 36. Nf6+ Kf7 37. Rh1 Ne3+ 38. Kg1 Rd4 39. Rxh6 Rxd2 40.
Rxh7+ Kg6 41. Rxc7 Kf5 42. e6 Rg2+ 43. Kh1 Kxf6 44. Rf7+ Kg6 45. Rf3 Re2 46. d6
Nf5 47. Rxf5 Rxe6 48. Rd5 1-0

[Event "Frankfurt Ch 2006"]
[Site "Ffm-Kalbach, LAZ"]
[Date "2006.05.08"]
[Round "3.27"]
[White "Müller, Pascal"]
[Black "Syed, Tareq"]
[Result "1-0"]
[WhiteElo "1785"]
[BlackElo "1931"]
[PlyCount "57"]
[EventDate "2006.??.??"]

1. e4 e5 2. Nf3 Nc6 3. Bb5 a5 4. O-O Na7 5. Bc4 d6 6. a4 Be7 7. d4 exd4 8. Nxd4
Nf6 9. Nc3 O-O 10. Be3 Nc6 11. h3 Re8 12. f4 Bf8 13. Qf3 Nb4 14. Rac1 Nxe4 15.
Bxf7+ Kxf7 16. Nxe4 Kg8 17. Ng5 h6 18. c3 hxg5 19. cxb4 Qe7 20. Qd5+ Kh8 21.
Rce1 c6 22. Qf3 g4 23. hxg4 axb4 24. g5 g6 25. f5 Bxf5 26. Nxf5 gxf5 27. Bd4+
Bg7 28. Bxg7+ Qxg7 29. Qh5+ 1-0

[Event "Frankfurt Ch 2006"]
[Site "Ffm-Kalbach, LAZ"]
[Date "2006.05.08"]
[Round "3.28"]
[White "Hierling, Stefan"]
[Black "Bittner, Peter"]
[Result "1/2-1/2"]
[WhiteElo "1923"]
[BlackElo "1730"]
[PlyCount "78"]
[EventDate "2006.??.??"]

1. e4 e5 2. Nf3 f5 3. Nxe5 Qf6 4. d4 d6 5. Nc4 fxe4 6. d5 Qg6 7. Ne3 Nf6 8. Be2
Be7 9. Bd2 O-O 10. O-O Nbd7 11. Bc3 Nb6 12. Kh1 Bd7 13. Ba5 Qg5 14. c4 c6 15.
Bd2 Qg6 16. Nc3 c5 17. Qc2 Rae8 18. a4 Bd8 19. Nb5 Nc8 20. a5 Bxb5 21. cxb5 Ne7
22. Bc3 Nf5 23. Nxf5 Qxf5 24. f3 Qg6 25. Rad1 exf3 26. Qxg6 hxg6 27. Bxf3 Re3
28. Rfe1 Rfe8 29. Rxe3 Rxe3 30. Re1 Rd3 31. Re6 Kf7 32. Bxf6 Bxf6 33. Rxd6 Bxb2
34. Rd7+ Kf8 35. Kg1 c4 36. Kf1 Be5 37. Be2 Rd4 38. Rd8+ Ke7 39. Rc8 Rxd5
1/2-1/2

[Event "Frankfurt Ch 2006"]
[Site "Ffm-Kalbach, LAZ"]
[Date "2006.05.08"]
[Round "3.29"]
[White "Bender, Manfred"]
[Black "Rutkowski, Jörg"]
[Result "1-0"]
[WhiteElo "1739"]
[BlackElo "1919"]
[PlyCount "118"]
[EventDate "2006.??.??"]

1. e4 e5 2. Nf3 Nf6 3. Nc3 Nc6 4. Bb5 Bd6 5. O-O O-O 6. Bxc6 dxc6 7. d3 Bg4 8.
h3 Bh5 9. Bg5 Qe7 10. Qe2 h6 11. Bd2 Nd7 12. g4 Bg6 13. Kg2 Nc5 14. Rae1 Ne6
15. Be3 Rad8 16. Qd2 a6 17. Qc1 b5 18. Ne2 c5 19. Ng3 Nf4+ 20. Kh2 Qe6 21. b3
Rfe8 22. d4 cxd4 23. Nxd4 exd4 24. Bxf4 c5 25. Bxd6 Qxd6 26. f4 f6 27. Rf2 c4
28. a3 Rd7 29. b4 d3 30. cxd3 cxd3 31. Qe3 d2 32. Rd1 Red8 33. Nf1 Qd3 34. Qxd3
Rxd3 35. f5 Be8 36. Rfxd2 Rxd2+ 37. Rxd2 Rc8 38. Rd3 Rc1 39. Ne3 Bc6 40. Nd5
Kf7 41. Rc3 Rxc3 42. Nxc3 Ke7 43. Kg3 Kd6 44. Kf4 Bb7 45. h4 Bc6 46. Ne2 Be8
47. g5 hxg5+ 48. hxg5 fxg5+ 49. Kxg5 Ke5 50. Ng3 Bc6 51. Nh5 Kxe4 52. Nxg7 Kd4
53. Ne6+ Kc3 54. f6 Be8 55. Nc7 Bf7 56. Nxa6 Kb3 57. Kh6 Kxa3 58. Kg7 Bd5 59.
f7 Bb7 1-0